Seinfeld Foods (Seasons 1-4) Quiz Stats

 Plays Quiz not verified by Sporcle

Score 0/23 Timer 10:00
0 Plays Today
Question Answer % Correct
Kramer wants to start a restaurant where you make your own what?Pizza Pie
90.3%
What makes Kramer thirsty in his Woody Allen film role?Pretzels
88.7%
What candy does Kramer drop into the open surgery patient?Junior Mint
88%
What kind of food does Ping deliver to the gang?Chinese
83.6%
What candy does Jerry offer Elaine that makes her laugh?Pez
82.7%
What does George double-dip, leading to a scolding by Timmy?Tortilla Chip
82.5%
What drink does George not realize really means sex when offered?Coffee
81.9%
What does Jerry bet Elaine $50 to take at a Chinese restaurant?Egg Roll
72.6%
What does George slip in his former boss' drink in a bar?Mickey
69.5%
What does an actor auditioning to play Kramer steal?Raisins
67.2%
What does Elaine sneeze on making Russell Dalryple sick?Pasta Primavera
63.7%
What does Jerry try to bribe Newman with but Elaine steals it?Drake's Coffee Cake
58.9%
Question Answer % Correct
What kind of coffee does George want in the first episode?Decaffeinated
56.2%
What drink does Kramer ask the busboy for at his apartment?Water
54.4%
What drink does Jerry's guest Laura ask him for from the couch?Wine
48.2%
What does Kramer drink before vomiting on Susan Ross?Spoiled Milk
45.4%
What did Elaine bring George in the hospital after he turned purple?Ice Cream
43.8%
What breakfast food does Jerry say can be 'very filling'?Muffin
39.2%
What does Elaine mace 'Crazy' Joe Davola with?Cherry Binaca
37.8%
What does George say everybody likes to eat at an Italian restaurant?Pesto
27%
What do George and his cleaning lady drink after sex?Hennigan's Scotch
26.1%
What does Jerry eat by recommendation at Babu's restaurant?Turkey
23.2%
What does Jerry joke that Ghandi ate before his fast?Triscuits
11.3%

You're not logged in!

Compare scores with friends on all Sporcle quizzes.
OR
Log In

Show Comments

Extras

Created Nov 8, 2010ReportNominate
Tags:Food Quiz, Seinfeld Quiz, season

Top Quizzes Today


Score Distribution

Your Account Isn't Verified!

In order to create a playlist on Sporcle, you need to verify the email address you used during registration. Go to your Sporcle Settings to finish the process.

Report this User

Report this user for behavior that violates our Community Guidelines.

Details: